000 00539nam a2200217Ia 4500
003 OSt
005 20220928151354.0
006 a|||||r|||| 00| 0
007 ta
008 220927b |||||||| |||| 00| 0 eng d
024 _a125497
037 _cTextual
040 _aSDCL
_cSDCL
_beng
041 _2eng
_aeng
082 _aB25,1, L9
100 _acuninghame-Green Raymond
_9517229
245 0 _aMinimax algebra
260 _c1979
942 _hB25,1, L9
_cTEXL
_2CC
999 _c851360
_d851360